00257nam a2200085Ia 4500008004100000100002800041245005200069260004200121300000800163201224s9999 xx 000 0 und d aChadavarkar, Rajnarayan 0a(The) Origins of Industrial Capitalism in India aNew DelhibCambridge University Press a468